El contrato social

Guardat en:
Dades bibliogràfiques
Autor principal: Rousseau, Jean Jacques (autor)
Format: Llibre
Idioma:espanyol
Publicat: Madrid Sarpe 1983
Col·lecció:Los Grandes Pensadores
Matèries:
Etiquetes: Afegir etiqueta
Sense etiquetes, Sigues el primer a etiquetar aquest registre!

MARC

LEADER 00000cam a2200000 a 4500
001 UCK8824
003 CL-VaPUC
008 060331e19830000SP |||||||||||||||||spa|d
020 |a 8449968321 
020 |a 8449968348v.2 
082 0 4 |a 320.011  |b ROU  |2 21 
100 |a Rousseau, Jean Jacques  |e autor  |9 255697 
245 1 3 |a El contrato social 
300 |a v 
942 |c BK 
945 |d 20060331 00:00:00  |a jtorresc 
260 |a Madrid  |b Sarpe  |c 1983 
650 0 |a Ciencias Políticas  |9 255201 
650 0 |a Contrato social  |9 308917 
583 |a last modification  |c 20140619 01:08:13  |k Rodrigo Vera 
490 0 |a Los Grandes Pensadores 
999 |c 316228  |d 316226 
952 |0 0  |1 0  |4 0  |6 320_011000000000000_ROU_1983  |7 0  |8 A  |9 390434  |a BIBART  |b BIBART  |d 2019-11-22  |h v.2  |i 4219171  |l 1  |o 320.011 ROU 1983  |p 4219171  |r 2025-03-13  |s 2024-11-19  |w 2019-11-22  |y BK  |k ART 
952 |0 0  |1 0  |3 erd  |4 0  |6 320_011000000000000_ROU_1983  |7 0  |8 X  |9 390436  |a FDOBUD  |b FDOBUD  |h v.2  |i 5042348  |o 320.011 ROU 1983  |p 5042348  |r 2019-11-22  |w 2019-11-22  |y BK_X  |z Catalogado en:20140619  |k BUD 
952 |0 0  |1 0  |3 erd  |4 0  |6 320_011000000000000_ROU_1983  |7 0  |8 A  |9 390437  |a FDOHBE  |b FDOHBE  |e Huesbe Llanos, Marco Antonio, 1934-  |h v.2  |i 5310024  |o 320.011 ROU 1983  |p 5310024  |r 2024-01-30  |w 2019-11-22  |y BK  |z Catalogado en:20160616  |k HBE